| 000 | 00477cam a2200205ua 4500 | ||
|---|---|---|---|
| 001 | 8460 | ||
| 008 | 150130n ii |||gr||||Z||||||eng | ||
| 020 | _a9788185986098 | ||
| 040 | _cMAIN | ||
| 041 | _aeng | ||
| 082 | _a823N | ||
| 100 |
_aNarayan, R. K, _eAuthor. |
||
| 245 | 1 |
_aThe vendors of sweets _cBy R. K. Narayan |
|
| 250 | _a1st. | ||
| 260 |
_aNew Delhi: _bIndian, _c2012. |
||
| 300 | _a184p. | ||
| 653 | _aEnglish fiction | ||
| 653 | _aEnglish novels | ||
| 942 | _cBK | ||
| 999 |
_c7568 _d7568 |
||